000
00306nam a2200133Ia 4500
005
20251222144633.0
008
251222s9999||||xx |||||||||||||| ||spa||
020
_a
88-11-62015-5
082
_a
858.98/D89V
100
_a
Doninelli, Luca
245
0
_a
La Verdad InĂștil
264
_b
Garzanti
942
_c
LIB
999
_c
16387
_d
16387